Política deducida de las propias palabras de la Sagrada Escritura... Escrita en frances por el Illmo. Sr. Jacobo Benigno Bossuet, obispo Meldense... Revista y traducida por Don Miguel Joseph Fernandez... (Record n. 37421)

Dettagli MARC
000 -LEADER
fixed length control field 01061nam a2200265 i 4500
003 - CONTROL NUMBER IDENTIFIER
control field IT-RoINE
008 - FIXED-LENGTH DATA ELEMENTS--GENERAL INFORMATION
fixed length control field 230912s1768 sp ||||| |||| 001 | spa d
026 ## - FINGERPRINT IDENTIFIER
First and second groups of characters 0.3. o.ea
Third and fourth groups of characters a?a- juha (3)
Date 1768 (A)
Number of volume or part t. 2
040 ## - CATALOGING SOURCE
Original cataloging agency IT-RoINE
Modifying agency IT-RoINE
041 1# - LANGUAGE CODE
Language code of text/sound track or separate title spa
Language code of original and/or intermediate translations of text fre
100 1# - MAIN ENTRY--PERSONAL NAME
9 (RLIN) 66015
Personal name Bossuet, Jacques Bénigne,
Titles and other words associated with a name Obispo de Meaux,
Dates associated with a name 1627-1704
240 10 - UNIFORM TITLE
Uniform title Politique tirée des propres paroles de l'Écriture Sainte.
Language of a work Español
245 10 - TITLE STATEMENT
Title Política deducida de las propias palabras de la Sagrada Escritura... Escrita en frances por el Illmo. Sr. Jacobo Benigno Bossuet, obispo Meldense... Revista y traducida por Don Miguel Joseph Fernandez...
250 ## - EDITION STATEMENT
Edition statement Segunda impresión
260 ## - PUBLICATION, DISTRIBUTION, ETC. (IMPRINT)
Place of publication, distribution, etc Madrid :
Name of publisher, distributor, etc Andres Ortega,
Date of publication, distribution, etc 1768.
300 ## - PHYSICAL DESCRIPTION
Extent v. ;
Dimensions 4º.
336 ## - CONTENT TYPE
Source rdacontent
Content type term text
337 ## - MEDIA TYPE
Source rdamedia
Media type term unmediated
338 ## - CARRIER TYPE
Source rdacarrier
Carrier type term volume
597 ## - LOCAL NOTE (RLIN)--PHYSICAL DESCRIPTION
Physical description note Sign. T. 2: ¶-¶¶4, A-3D4.
597 ## - LOCAL NOTE (RLIN)--PHYSICAL DESCRIPTION
Physical description note Portada a dos tintas.
700 1# - ADDED ENTRY--PERSONAL NAME
9 (RLIN) 72142
Personal name Ortega, Andrés,
Dates associated with a name activo 1758 - 1781
Relator term impresor
752 ## - ADDED ENTRY--HIERARCHICAL PLACE NAME
Country or larger entity España,
City Madrid
942 ## - ADDED ENTRY ELEMENTS (KOHA)
Source of classification or shelving scheme Dewey Decimal Classification
Item type Libro antiguo
Dati di copia
Withdrawn status Lost status Source of classification or shelving scheme Damaged status Not for loan Home library Current library Date acquired Total Checkouts Full call number Barcode Date last seen Price effective from Koha item type Public note
    Iglesia Nacional Española en Roma     Iglesia Nacional Española en Roma Iglesia Nacional Española en Roma 12/09/2023   ANT.TER 91.2 65478 12/09/2023 12/09/2023 Libro antiguo T. 2. - Donación de la Casa Generalicia de la Compañía de Santa Teresa de Jesús en Roma el día 20 de marzo de 2023.